000 00875nam a22002897a 4500
001 0002028
003 KOHA_MİRAKIL
005 20260207001259.0
007 ta
008 100707b2003 tu a|||gr||||#||||0|tur |
020 _a9756385022
040 _aTR-BiSEU
_btur
_cTR-BiSEU
_erda
041 0 _atur
044 _ctu
050 _aHF5679
_b.A48 2003
100 1 _aAltundağ, Salâhattin.
245 1 _aBilgisayarlı muhasebe :
_bartık daha kolay :
_bresimli ve örnek uygulamalarıyla/
_cSalâhattin Altundağ ; Salahattin Altundağ.
264 1 _aAnkara :
_bAdalet Yayınevi
_c2003
300 _a523 sayfa: resimli; 25 cm.
336 _ametin
_btxt
_2rdacontent
337 _aaracısız
_bn
_2rdamedia
338 _acilt
_bnc
_2rdacarrier
500 _aKaynakça var.
650 0 _aBilgisayarlı muhasebe.
_95956
650 0 _aMuhasebe.
_92513
942 _2lcc
_cBK
999 _c2015
_d2015